00376nam a2200121Ia 4500008004000000020001800040082001600058100002300074245003600097260004400133300000800177650006900185210210b2002 xxu||||| |||| 00| 0 eng d a81 7829 188 6 a320.55 PARG aPAREL (Anthony J). aGandhi, freedom, and self-rule. aNew Delhi.bVistar Publications.,c2002 a164 aGandhi Gandhism Gandhian Liberty Human Rights Swaraj Hindutva